|
|
|
|
| LEADER |
00000nam a22000007a 4500 |
| 005 |
2021051805215.0 |
| 007 |
cr|||| ||| |
| 008 |
210518s2020 es |||||s|||| 00||0 spa d |
| 020 |
|
|
|a 978-84-1377-332-2
|
| 035 |
|
|
|a 33537
|
| 040 |
|
|
|a vLex
|
| 090 |
|
|
|c 11726
|d 11726
|
| 100 |
1 |
|
|a Moreno Flr̤ez, Rosa Mara̕
|
| 245 |
1 |
0 |
|a Derecho de daǫs y responsabilidad vicaria del empleador
|h [Recurso electrn̤ico] :
|b (una aproximacin̤ desde el anl̀isis econm̤ico del derecho) /
|c Rosa Mara̕ Moreno Flr̤ez, Oscar Fernǹdez Mr̀quez
|
| 256 |
|
|
|a Servicio en ln̕ea
|
| 260 |
|
|
|a Madrid:
|b Dykinson,
|c 2020
|
| 300 |
|
|
|a 1 recurso electrn̤ico
|
| 500 |
|
|
|a El objeto del presente estudio es ofrecer una explicacin̤ de la responsabilidad por daǫs, y particularmente de las que eventualmente deben asumir vicariamente quienes emplean a trabajadores por cuenta ajena, en třminos funcionales, y ms̀ especf̕icamente desde el anl̀isis econm̤ico del derecho. Pues acontece que esta perspectiva, en la que las normas jurd̕icas, ahora las de daǫs, son vistas como instrumentos de minimizacin̤ de los costes inherentes a las operaciones de distribucin̤ y reasignacin̤ de recursos, incorporando en consecuencia una lg̤ica interna consustancialmente econm̤ica, resulta definitivamente ms̀ pregnante y capaz que la teora̕ cls̀ica de los daǫs a la hora de explicar y dar cuenta de las reglas vigentes de responsabilidad extracontractual. En efecto, frente a la explicacin̤ que esta ofrece partiendo de una rg̕ida concepcin̤ de los accidentes como mala in se, contrarios a las ms̀ bs̀icas exigencias de justicia y de propiedad, y necesitados por ello de una respuesta restauratoria integral (algo evidentemente imposible), el anl̀isis econm̤ico del derecho propone contemplar los daǫs como simple mala prohibita, necesitados o no de restauracin̤ en funcin̤ de los costes sociales asociados a este tipo de operaciones, postulando de este modo una teora̕ de los daǫs ms̀ flexible y tambiň ms̀ penetrante en la que quedan neutralizadas las tensiones y las inconsistencias que afloran en la teora̕ cls̀ica de la responsabilidad, y que en todo caso se coordina mejor con lo que los jueces vienen diciendo y resolviendo de facto al enfrentarse cotidianamente con asuntos de daǫs.
|
| 506 |
1 |
|
|a Disponible solo en los productos indicados
|d vLex Global
|d vLex Global (Academic Edition, excluding Law Schools)
|d vLex Global (U.S. Academic Edition, Law Schools)
|d vLex Global (U.S. Academic Edition, excluding Law Schools)
|d vLex Global (Academic Edition, Law Schools)
|
| 650 |
0 |
4 |
|a Derecho Civil
|z Espaą
|
| 740 |
0 |
|
|a vLex Libros (Servicio en ln̕ea)
|
| 856 |
4 |
0 |
|u https://vlex.com/source/derecho-de-da-os-y-responsabilidad-vicaria-del-empleador-una-aproximacion-desde-el-analisis-economico-del-derecho--33537
|z Acceso restringido
|
| 942 |
|
|
|c BOOK
|
| 999 |
0 |
|
|a Civil Law
|